000 00541nam a2200193Ia 4500
005 20250923145608.0
008 008 250917s9999 xx 000 0 eng d
037 _aTextual
040 _aDSWL
_beng
_cDSWL
041 _aeng
_2eng
084 _aY:7:7x2, N82
_qDSWL
245 0 _aThinkers of the Indian renaissance
_c Ed.by D.H.Bishop
260 _aNew Delhi
_b Wiley Eastern
_c1982
300 _axi,408 p.
365 _aINR
_b135.00
925 _g135.00
942 _cTEXL
_hY:7:7x2, N82
999 _c1453276
_d1453276